Sabaton Albums - Statistics

General Stats
  • This quiz has been taken 720 times
    611 since last reset
  • The average score is 8 of 10
Answer Stats
Year Album % Correct
2019 The Great War
94%
2014 Heroes
90%
2016 The Last Stand
88%
2022 The War to End All Wars
88%
2005 Primo Victoria
85%
2012 Carolus Rex
83%
2008 The Art of War
82%
2010 Coat of Arms
77%
2006 Attero Dominatus
74%
2007 Metalizer
73%
No matching quizzes found
Score Distribution
Percent of People with Each Score
Percentile by Number Answered
Your Score History
You have not taken this quiz since the last reset